Tilastot visalle Suomalaista historiaa

Klikkaa tästä pelataksesi tätä visaa!

Yleistilastot

  • Tätä visaa on pelattu 258 kertaa
    (253 viimeisimmän päivityksen jälkeen)
  • Keskiarvotulos 10 / 18

Vastaustilastot

Suomen historiaaVastaus% Oikein
Vuosina 1570-1595 käytiin 25-vuotinen sota Ruotsin ja _______ välilläVenäjän
95%
Vuonna 1323 solmittiin ______ rauha.Pähkinäsaaren
93%
Suomen sisällissodassa 1918 taistelivat vastakkain punaiset ja ________.valkoiset
91%
Suomen kansalliseepoksena tunnetaan vuonna 1835 julkaistu _________.Kalevala
87%
Vuonna 1906 Suomi antoi kolmantena maailmassa ja ensimmäisenä Euroopassa naisille__________:äänioikeuden
86%
Vuosina 1944-1945 käyty sota Suomen ja Saksan välillä oli nimeltään _________.Lapin sota
79%
Talonpoikien kapina vuosina 1596-1597 tunnetaan puolestaan nimellä _______.nuijasota
76%
Suomi julistautui itsenäiseksi pp.kk.vvvvv?06.12.1917
74%
Kansalliseepoksen isänä tunnetaan __________.Elias Lönnrot
67%
Venäläisten miehitys vuosina 1713-1721 tunnetaan nimellä_________isoviha
58%
Venäjän ja Ruotsin välinen sota vuosina 1808-1809 tunnetaan nimellä ________.Suomen sota
45%
Vuonna 1899 Nikolai II antoi säädöksen, joka tunnetaan nimellä __________ manifestihelmikuun
44%
Venäjän Keisarin Aleksanteri I:sen määräyksestä vuonna 1809 järjestettiin ______ _______.Porvoon valtiopäivät
33%
Talonpoikien johtajana kapinassa toimi ______________.Jaakko Ilkka
33%
Vuosina 1919-1932 Suomessa oli ____________.kieltolaki
29%
Vuosien 1637-1654 aikana Suomen kenraalikuvernöörinä toimi ________Pietari Brahe
19%
Sodan jälkeen vuonna 1809 solmittiin Ruotsin ja Venäjän välillä _________.Haminan rauha
18%
25-vuotinen sota tunnetaan myös nimellä __________.pitkä viha
8%

Tulosjakauma

Persentiili vastausten määrän mukaan

Jokaisen tuloksen saaneiden osuus

Tuloshistoriasi

Et ole pelannut tätä visaa sen viimeisimmän päivityksen jälkeen